MARC details
| 000 -LEADER |
| fixed length control field |
01766nac a22003491i 4500 |
| 003 - CONTROL NUMBER IDENTIFIER |
| control field |
EG-ScBUE |
| 005 - DATE AND TIME OF LATEST TRANSACTION |
| control field |
20250218104820.0 |
| 008 - FIXED-LENGTH DATA ELEMENTS--GENERAL INFORMATION |
| fixed length control field |
250211s2004 ii a f 000 0 eng d |
| 020 ## - INTERNATIONAL STANDARD BOOK NUMBER |
| International Standard Book Number |
812192247X |
| 040 ## - CATALOGING SOURCE |
| Original cataloging agency |
EG-ScBUE |
| Language of cataloging |
eng |
| Description conventions |
rda |
| Transcribing agency |
EG-ScBUE |
| Modifying agency |
EG-ScBUE |
| 082 04 - DEWEY DECIMAL CLASSIFICATION NUMBER |
| Classification number |
519.2076 |
| Item number |
KAN |
| Edition number |
22 |
| 100 1# - MAIN ENTRY--PERSONAL NAME |
| Personal name |
Kandasamy, P., |
| Relator term |
author. |
| 245 10 - TITLE STATEMENT |
| Title |
Probability, random variables, and random processes / |
| Statement of responsibility, etc |
P. Kandasamy, M.A., Ph.D., professor of Mathematics (Retd.), P.S.G. College of Coimbatore, Visiting Professor, Amrita Institute of Technology and Science, Coimbatore, K. Thilagavathi, M.Sc., M.phil., Ph.D., Reader in Mathematics, Kongunadu Arts and Science College, Coimbatore, K. Gunavathi, M.E., Ph.D., Asst. Professor, Department of Electronics and Communication Engineering, P.S.G. College of Technology, Coimbatore. |
| 250 ## - EDITION STATEMENT |
| Edition statement |
Reprinted with corrections edition. |
| 264 #1 - PUBLICATION, DISTRIBUTION, ETC. (IMPRINT) |
| Place of publication, distribution, etc |
New Delhi : |
| Name of publisher, distributor, etc |
S. Chand & Company Ltd., |
| Date of publication, distribution, etc |
2004. |
| 300 ## - PHYSICAL DESCRIPTION |
| Extent |
xii, 504 pages : |
| Other physical details |
illustrations ; |
| Dimensions |
24 cm |
| 336 ## - CONTENT TYPE |
| Source |
rdacontent |
| Content type term |
text |
| Content type code |
txt |
| 337 ## - MEDIA TYPE |
| Media type term |
unmediated |
| Source |
rdamedia |
| Media type code |
n |
| 338 ## - CARRIER TYPE |
| Carrier type term |
volume |
| Carrier type code |
nc |
| Source |
rdacarrier |
| 500 ## - GENERAL NOTE |
| General note |
Includes Appendices.<br/> |
| 521 ## - TARGET AUDIENCE NOTE |
| Target audience note |
For B.E.-Fourth semester (electronics & communication), Anna University. |
| 650 #7 - SUBJECT ADDED ENTRY--TOPICAL TERM |
| Topical term or geographic name as entry element |
Probabilities |
| General subdivision |
Problems, exercises, etc. |
| Source of heading or term |
BUEsh |
| 650 #7 - SUBJECT ADDED ENTRY--TOPICAL TERM |
| Topical term or geographic name as entry element |
Probabilities |
| General subdivision |
Outlines, syllabi, etc. |
| Source of heading or term |
BUEsh |
| 650 #7 - SUBJECT ADDED ENTRY--TOPICAL TERM |
| Topical term or geographic name as entry element |
Stochastic processes |
| General subdivision |
Problems, exercises, etc. |
| Source of heading or term |
BUEsh |
| 650 #7 - SUBJECT ADDED ENTRY--TOPICAL TERM |
| Topical term or geographic name as entry element |
Stochastic processes |
| General subdivision |
Outlines, syllabi, etc. |
| Source of heading or term |
BUEsh |
| 650 #7 - SUBJECT ADDED ENTRY--TOPICAL TERM |
| Topical term or geographic name as entry element |
Random variables |
| General subdivision |
Problems, exercises, etc. |
| Source of heading or term |
BUEsh |
| 650 #7 - SUBJECT ADDED ENTRY--TOPICAL TERM |
| Topical term or geographic name as entry element |
Random variables |
| Source of heading or term |
BUEsh |
| Form subdivision |
Outlines, syllabi, etc. |
| 655 ## - INDEX TERM--GENRE/FORM |
| Form subdivision |
Reading book |
| 700 1# - ADDED ENTRY--PERSONAL NAME |
| Personal name |
Thilagavathi, K., |
| Relator term |
author. |
| 700 1# - ADDED ENTRY--PERSONAL NAME |
| Personal name |
Gunavathi, K., |
| Relator term |
author. |
| 942 ## - ADDED ENTRY ELEMENTS (KOHA) |
| Koha item type |
Book - Borrowing |
| Source of classification or shelving scheme |
Dewey Decimal Classification |